[Event "Mersin op-B 7th"]
[Site "Mersin"]
[Date "2023.11.17"]
[Round "8"]
[White "Hasirci, Ozgur Deniz"]
[Black "Erdogan, Atakan"]
[Result "1/2-1/2"]
[WhiteElo "1787"]
[BlackElo "1849"]
[PlyCount "64"]
[EventDate "2023.11.12"]
[EventType "swiss"]
[EventRounds "9"]
[EventCountry "TUR"]
[SourceTitle "CB49_2023"]
[SourceDate "2023.12.06"]
[SourceVersion "1"]
[SourceVersionDate "2023.12.06"]
[SourceQuality "1"]

1. e4 c5 2. Nf3 e6 3. g3 Nc6 4. Bg2 Nf6 5. Nc3 Qc7 6. 0-0 a6 7. a4 Be7 8. d3 d6 9. Nd2 Rb8 10. Nc4 b5 11. axb5 axb5 12. Ne3 0-0 13. Ne2 Bb7 14. f4 Nd4 15. g4 Ra8 16. Rb1 Nxe2+ 17. Qxe2 Nd7 18. g5 Rfe8 19. Qh5 g6 20. Qh4 f5 21. gxf6 Bxf6 22. Qg3 Bg7 23. Bd2 b4 24. c3 Ba6 25. Ng4 Bb7 26. Rf2 d5 27. exd5 Bxd5 28. Bxd5 exd5 29. Qg2 Qd6 30. f5 Rf8 31. Rbf1 Rae8 32. fxg6 hxg6 1/2-1/2

[Event "Mersin op-B 7th"]
[Site "Mersin"]
[Date "2023.11.15"]
[Round "6"]
[White "Hasirci, Ozgur Deniz"]
[Black "Ciblakbas, Sertan"]
[Result "1-0"]
[WhiteElo "1787"]
[BlackElo "1761"]
[PlyCount "37"]
[EventDate "2023.11.12"]
[EventType "swiss"]
[EventRounds "9"]
[EventCountry "TUR"]
[SourceTitle "CB49_2023"]
[SourceDate "2023.12.06"]
[SourceVersion "1"]
[SourceVersionDate "2023.12.06"]
[SourceQuality "1"]

1. e4 e5 2. Nf3 Nc6 3. Bc4 Bc5 4. c3 Nf6 5. d3 a6 6. a4 Ba7 7. h3 0-0 8. Na3 d6 9. 0-0 Ne7 10. Qe2 Ng6 11. Bg5 h6 12. Be3 Nh5 13. Kh2 Nhf4 14. Qd2 Qf6 15. Ng1 Nxg2 16. Kxg2 Nh4+ 17. Kg3 Qg6+ 18. Kxh4 Qg2 19. f4 1-0

[Event "Mersin op-B 7th"]
[Site "Mersin"]
[Date "2023.11.14"]
[Round "4"]
[White "Hasirci, Ozgur Deniz"]
[Black "Babazade, Zhala Sharafaddin Q"]
[Result "1-0"]
[WhiteElo "1787"]
[BlackElo "1683"]
[PlyCount "68"]
[EventDate "2023.11.12"]
[EventType "swiss"]
[EventRounds "9"]
[EventCountry "TUR"]
[SourceTitle "CB49_2023"]
[SourceDate "2023.12.06"]
[SourceVersion "1"]
[SourceVersionDate "2023.12.06"]
[SourceQuality "1"]

1. e4 d6 2. d4 g6 3. Nc3 Bg7 4. Be3 c6 5. Nf3 Nf6 6. Qd2 0-0 7. h4 h5 8. Bh6 Qa5 9. Bxg7 Kxg7 10. Ng5 Na6 11. f3 Rb8 12. Be2 Nc7 13. 0-0 Ne6 14. a3 Nxg5 15. hxg5 Ne8 16. b4 Qb6 17. Na4 Qc7 18. f4 e6 19. Bd3 b5 20. Nc3 Qb6 21. Qf2 a6 22. Ne2 f6 23. gxf6+ Nxf6 24. Qg3 Ng4 25. f5 e5 26. fxg6 Be6 27. Qh4 Qd8 28. Qxh5 Rh8 29. Rf7+ Bxf7 30. Qxg4 Bxg6 31. Ng3 Rb7 32. Nf5+ Kh7 33. Rf1 Rf8 34. Rf3 Kh8 1-0

[Event "Mersin op-B 7th"]
[Site "Mersin"]
[Date "2023.11.13"]
[Round "3"]
[White "Mahmudzade, Yunis"]
[Black "Hasirci, Ozgur Deniz"]
[Result "1-0"]
[WhiteElo "1644"]
[BlackElo "1787"]
[PlyCount "167"]
[EventDate "2023.11.12"]
[EventType "swiss"]
[EventRounds "9"]
[EventCountry "TUR"]
[SourceTitle "CB49_2023"]
[SourceDate "2023.12.06"]
[SourceVersion "1"]
[SourceVersionDate "2023.12.06"]
[SourceQuality "1"]

1. d4 Nf6 2. Nf3 e6 3. c4 d5 4. Nc3 c5 5. cxd5 cxd4 6. Qxd4 exd5 7. Bg5 Be7 8. e3 0-0 9. Rd1 Nc6 10. Qd2 Be6 11. Bd3 Qb6 12. 0-0 Rfd8 13. Nd4 h6 14. Bf4 Qa5 15. Nb3 Qb4 16. Qc2 Rdc8 17. Bb5 Na5 18. Nd4 Nc4 19. Bxc4 Rxc4 20. Nxe6 fxe6 21. Be5 Rf8 22. Bd4 Qd6 23. Qb3 Rb4 24. Qa3 Qc7 25. Qxa7 e5 26. a3 exd4 27. Nxd5 Nxd5 28. axb4 dxe3 29. fxe3 Rxf1+ 30. Rxf1 Nxb4 31. Qd4 Qd6 32. Qxd6 Bxd6 33. Rf5 b6 34. Kf1 Bc5 35. Ke2 g6 36. Rf1 Kg7 37. g3 Nd5 38. e4 Nf6 39. e5 Nd7 40. e6 Ne5 41. h3 h5 42. Kd2 b5 43. b3 b4 44. Ke2 Kh6 45. Rd1 Nc6 46. Kf3 Kg7 47. Ke4 Ne7 48. Ke5 Kf8 49. Kf6 Ke8 50. Rd7 Nf5 51. g4 hxg4 52. hxg4 Ne3 53. Kxg6 Nxg4 54. Kf5 Ne3+ 55. Ke4 Ng4 56. Rb7 Kd8 57. Kf5 Ne3+ 58. Kf6 Ng4+ 59. Kf5 Ne3+ 60. Ke4 Ng4 61. Kd5 Be7 62. Kc6 Ne5+ 63. Kd5 Ng4 64. Ke4 Bc5 65. Kf5 Ne3+ 66. Kg5 Ke8 67. Kf4 Kd8 68. Rb5 Ba7 69. Ke4 Nc2 70. Rb7 Bc5 71. Kd3 Ne1+ 72. Kc4 Be7 73. Kb5 Nf3 74. Kb6 Ke8 75. Rb8+ Bd8+ 76. Kc6 Ke7 77. Kd5 Ng5 78. Rxb4 Bc7 79. Rg4 Nf3 80. Rg7+ Kd8 81. Rd7+ Kc8 82. Rf7 Ng5 83. Rf8+ Kb7 84. e7 1-0

[Event "TUR Cup"]
[Site "Denizli"]
[Date "2023.07.22"]
[Round "9"]
[White "Aydin, Bilal"]
[Black "Hasirci, Ozgur Deniz"]
[Result "0-1"]
[WhiteElo "1432"]
[BlackElo "1804"]
[PlyCount "76"]
[EventDate "2023.07.16"]
[EventType "team-tourn"]
[EventRounds "9"]
[EventCountry "TUR"]
[SourceTitle "CBM 215 Extra"]
[Source "ChessBase"]
[SourceDate "2023.09.30"]
[SourceVersion "1"]
[SourceVersionDate "2023.09.30"]
[SourceQuality "1"]

1. e4 c5 2. Nf3 d6 3. d4 cxd4 4. Nxd4 Nf6 5. Nc3 a6 6. g3 e5 7. Nb3 Be6 8. Bg2 Be7 9. 0-0 Nbd7 10. h3 h5 11. f4 Qb6+ 12. Kh1 Bc4 13. Rf3 h4 14. g4 exf4 15. Bxf4 Ne5 16. Bxe5 dxe5 17. Qe1 a5 18. Nd2 Be6 19. Bf1 0-0 20. Nc4 Qc5 21. Ne3 Rad8 22. Bd3 Nh7 23. Ned5 Bxd5 24. Nxd5 Rxd5 25. exd5 Ng5 26. Re3 Qxd5+ 27. Be4 Nxe4 28. Rxe4 f5 29. gxf5 Rxf5 30. Qe2 Rf4 31. Re1 Bb4 32. c3 Bc5 33. Qg2 Rf2 34. Qg4 Rxb2 35. c4 Qc6 36. R1e2 Rb1+ 37. Re1 Rxe1+ 38. Kh2 Rb1 0-1

[Event "TUR Cup"]
[Site "Denizli"]
[Date "2023.07.17"]
[Round "2"]
[White "Hasirci, Ozgur Deniz"]
[Black "Istillozlu, Tugra"]
[Result "1-0"]
[WhiteElo "1804"]
[BlackElo "1341"]
[PlyCount "42"]
[EventDate "2023.07.16"]
[EventType "team-tourn"]
[EventRounds "9"]
[EventCountry "TUR"]
[SourceTitle "CBM 215 Extra"]
[Source "ChessBase"]
[SourceDate "2023.09.30"]
[SourceVersion "1"]
[SourceVersionDate "2023.09.30"]
[SourceQuality "1"]

1. e4 c5 2. Nf3 e6 3. g3 Nc6 4. Bg2 Qc7 5. Nc3 a6 6. a4 Nf6 7. d3 Be7 8. 0-0 b6 9. Bf4 e5 10. Bg5 Nb4 11. Nd2 d6 12. Nc4 Bg4 13. Qd2 Be6 14. f4 Bxc4 15. dxc4 h6 16. Bh4 Ng4 17. Bxe7 Qxe7 18. a5 bxa5 19. Rxa5 Qe6 20. Nd5 Nxd5 21. exd5 0-0 1-0

[Event "TUR-ch U20"]
[Site "Samsun"]
[Date "2023.05.25"]
[Round "9"]
[White "Hasirci, Ali Eren"]
[Black "Hasirci, Ozgur Deniz"]
[Result "1/2-1/2"]
[WhiteElo "1284"]
[BlackElo "1763"]
[PlyCount "108"]
[EventDate "2023.05.19"]
[EventType "swiss"]
[EventRounds "9"]
[EventCountry "TUR"]
[SourceTitle "CBM 214 Extra"]
[Source "ChessBase"]
[SourceDate "2023.07.31"]
[SourceVersion "1"]
[SourceVersionDate "2023.07.31"]
[SourceQuality "1"]

1. d4 Nf6 2. e3 d5 3. Nf3 c5 4. c3 Nc6 5. Bd3 e6 6. Nbd2 Bd6 7. 0-0 0-0 8. dxc5 Bxc5 9. e4 Be7 10. exd5 Nxd5 11. Nc4 Bf6 12. Re1 Qc7 13. Qe2 b6 14. Bd2 Nce7 15. Nce5 Ng6 16. Nxg6 hxg6 17. Be4 Bb7 18. Rad1 Rad8 19. c4 Ba6 20. b3 Nf4 21. Qe3 e5 22. g3 Ne6 23. Bc3 b5 24. cxb5 Bxb5 25. Rd5 Rxd5 26. Bxd5 Nc5 27. Bxe5 Bxe5 28. Nxe5 Qd6 29. Bc4 Bxc4 30. Nxc4 Qc6 31. Ne5 Qd6 32. b4 Na4 33. Qb3 Qd2 34. Rd1 Qe2 35. Qxa4 Qxe5 36. Qxa7 Qe2 37. Qa4 Rb8 38. a3 Qf3 39. Rb1 Ra8 40. Qb3 Rxa3 41. Qxf3 Rxf3 42. b5 Ra3 43. b6 Ra8 44. b7 Rb8 45. f4 Kf8 46. Kf2 Ke7 47. Ke3 Kd7 48. Kd4 Kc6 49. g4 Rxb7 50. Rxb7 Kxb7 51. Ke5 Kc7 52. g5 Kd7 53. f5 gxf5 54. Kxf5 Ke7 1/2-1/2

[Event "TUR-ch U13/18"]
[Site "Antalya"]
[Date "2023.01.24"]
[Round "4"]
[White "Cakir, Mert"]
[Black "Hasirci, Ozgur Deniz"]
[Result "0-1"]
[WhiteElo "1530"]
[BlackElo "1773"]
[PlyCount "97"]
[EventDate "2023.01.17"]
[EventType "swiss"]
[EventRounds "10"]
[EventCountry "TUR"]
[SourceTitle "EXT 2024"]
[Source "ChessBase"]
[SourceDate "2023.10.10"]
[SourceVersion "1"]
[SourceVersionDate "2023.10.10"]
[SourceQuality "1"]

1. e4 c5 2. Nf3 d6 3. d4 cxd4 4. Nxd4 Nf6 5. Nc3 a6 6. Bg5 e6 7. f4 Be7 8. Qf3 Qc7 9. 0-0-0 Nbd7 10. g4 h6 11. Bxf6 Bxf6 12. h4 Nb6 13. g5 Bxd4 14. Rxd4 Qc5 15. Rd2 Bd7 16. g6 fxg6 17. Be2 0-0-0 18. Rhd1 Be8 19. Qh3 Bf7 20. Nd5 Kb8 21. Nxb6 Qxb6 22. Bc4 Rhe8 23. f5 gxf5 24. exf5 Bh5 25. Rf1 exf5 26. Qxf5 Re5 27. Qf4 Rde8 28. Qg3 Qb4 29. Bd5 Re3 30. c3 Qxc3+ 31. bxc3 Rxg3 32. Kb2 Re7 33. Rf5 Bg6 34. Rf8+ Kc7 35. Rd4 Be8 36. Rc4+ Bc6 37. Kb3 Rg1 38. Ra8 Rb1+ 39. Kc2 Rb6 40. Bf3 Re3 41. Bg4 d5 42. Rf4 Re7 43. h5 Bd7 44. Bf3 Rd6 45. Rb4 Bc6 46. Rf8 Rd8 47. Rf5 Kd6 48. Kd3 Re5 49. Rf7 0-1

[Event "TUR-ch U13/18"]
[Site "Antalya"]
[Date "2023.01.23"]
[Round "2"]
[White "Yogurtcuoglu, Cagan"]
[Black "Hasirci, Ozgur Deniz"]
[Result "1/2-1/2"]
[WhiteElo "1294"]
[BlackElo "1773"]
[PlyCount "129"]
[EventDate "2023.01.17"]
[EventType "swiss"]
[EventRounds "10"]
[EventCountry "TUR"]
[SourceTitle "EXT 2024"]
[Source "ChessBase"]
[SourceDate "2023.10.10"]
[SourceVersion "1"]
[SourceVersionDate "2023.10.10"]
[SourceQuality "1"]

1. d4 Nf6 2. c4 e6 3. Nc3 d5 4. Nf3 c5 5. cxd5 cxd4 6. Nxd4 exd5 7. e3 Nc6 8. Be2 Be7 9. 0-0 0-0 10. b3 Qa5 11. Bb2 Nxd4 12. Qxd4 Be6 13. a3 Qc5 14. Nb5 a6 15. Qxc5 Bxc5 16. Nd4 Ne4 17. Rfd1 Rac8 18. Bf3 Bxd4 19. Bxd4 Rc2 20. Bxe4 dxe4 21. b4 Rfc8 22. Bc5 h6 23. h4 Kh7 24. Rd4 Bf5 25. Rd5 g6 26. Rad1 Be6 27. Re5 Rc4 28. Rd4 Rxd4 29. exd4 Rd8 30. Rxe4 Rd5 31. f3 Kg7 32. Kf2 Kf6 33. g4 h5 34. Kg3 Kg7 35. Kf4 hxg4 36. fxg4 Rd8 37. Re2 Rd5 38. Rc2 Bd7 39. Ba7 Bc6 40. Re2 Rd7 41. Re8 Rd6 42. Re1 Rf6+ 43. Kg5 Rf3 44. Re7 Rxa3 45. Bb8 Rd3 46. Be5+ Kf8 47. Rc7 Ke8 48. h5 gxh5 49. gxh5 Rh3 50. Bf6 Rg3+ 51. Kh4 Rg1 52. Re7+ Kf8 53. Re3 Bd7 54. h6 Rh1+ 55. Kg5 Rg1+ 56. Kh5 Rh1+ 57. Bh4 Bf5 58. Rg3 Bg6+ 59. Kg5 Kg8 60. Rf3 Kh7 61. Rg3 Rf1 62. Rc3 Rf5+ 63. Kg4 Kxh6 64. Rc7 Rb5 65. Be7 1/2-1/2